| 000 | 00801cab a2200229 4500 | ||
|---|---|---|---|
| 001 | ABS58512 | ||
| 008 | 090401t1998 xxu||||| |||| 00| 0 eng d | ||
| 035 | _a(Sirsi) u84939 | ||
| 041 | _aeng | ||
| 100 | _aCary-Elwes, G. | ||
| 245 | _aPublic finance, private benefit? | ||
| 260 | _c1998 | ||
| 350 | _a0 | ||
| 490 |
_aLandscape Design _v(268) March 1998, 10-12(3) |
||
| 520 | _aConsiders the impact that Urban Development Corporations (UDCs) have had on the urban environment since their inception in 1981. With the exception of Cardiff Bay, they will all be wound up by 31 March 1998. | ||
| 650 | _aLOCAL GOVERNMENT PLANNING AND LAND ACT 1980 | ||
| 650 | _aURBAN DEVELOPMENT CORPORATIONS | ||
| 650 | _aURBAN REGENERATION | ||
| 690 | _aURBAN RENEWAL | ||
| 942 | _n0 | ||
| 948 | _c17/03/1998 | ||
| 999 |
_c53400 _d53400 |
||